00671nam a2200193Ia 45000010005000000080041000050200015000460400013000610820019000741000026000932450088001192600035002073000010002425460007002529420007002599990015002669520096002819520100003771078140313s9999 xx 000 0 und d a9280310984 cPK-LaUMT a 378.11bPSA-H aGeorge Psacharopoulos aHigher education and employment : The IIEP experience in fivcGeorge Psacharopoulos aParis, France:bUNESCO,c1981. a66 p. aEN cBK c1387d1387 00104070a01b01d2014-03-13l0o 378.11 PSA-Hp1082r2014-03-13 00:00:00w2014-03-13yBK 00102ddc4070a01b01d2014-05-23l0o378.11 PSA-Hp2149r2014-05-23 00:00:00w2014-05-23yBK